ბათუმის შოთა რუსთაველის სახელმწიფო უნივერსიტეტის ბიბლიოთეკა

მუხლზე დაწერილი ბარათები (ბიბ.ჩანაწერი № 40513)

000 -LEADER
fixed length control field 01056nam a2200277Ia 4500
001 - CONTROL NUMBER
control field 7124
003 - CONTROL NUMBER IDENTIFIER
control field GE_BSU
008 - FIXED-LENGTH DATA ELEMENTS--GENERAL INFORMATION
fixed length control field 181216s||||||||xx |||||||||||||| ||und||
020 ## - INTERNATIONAL STANDARD BOOK NUMBER
International Standard Book Number 9789941193122.
040 ## - CATALOGING SOURCE
Transcribing agency GE_BSU
080 ## - UNIVERSAL DECIMAL CLASSIFICATION NUMBER
Universal Decimal Classification number 821.353.1-32
100 ## - MAIN ENTRY--PERSONAL NAME
Personal name იოსელიანი,ოტია.
245 ## - TITLE STATEMENT
Title მუხლზე დაწერილი ბარათები
245 ## - TITLE STATEMENT
Remainder of title ტ.4 პროზა.მოთხრობები.
245 ## - TITLE STATEMENT
Statement of responsibility, etc. სარედ.ჯგუფი:ზურაბ აბაშიძე;მანანა ჯანელიძე;ირმა ხარშილაძე.
250 ## - EDITION STATEMENT
Edition statement (ჩემი რჩეული, ტ 21: ISSN 2233-3037)
260 ## - PUBLICATION, DISTRIBUTION, ETC.
Place of publication, distribution, etc. თბილისი.
260 ## - PUBLICATION, DISTRIBUTION, ETC.
Name of publisher, distributor, etc. პალიტრა L.
260 ## - PUBLICATION, DISTRIBUTION, ETC.
Date of publication, distribution, etc. 2011.
300 ## - PHYSICAL DESCRIPTION
Extent 320გვ;20სმ.
300 ## - PHYSICAL DESCRIPTION
Other physical details ფოტო გარეკანზე.
653 ## - INDEX TERM--UNCONTROLLED
Uncontrolled term მოთხრობები.
653 ## - INDEX TERM--UNCONTROLLED
Uncontrolled term მუხლზე დაწერილი ბარათები
942 ## - ADDED ENTRY ELEMENTS (KOHA)
Koha item type წიგნი
ეგზემპლარები
Withdrawn status Lost status Damaged status Not for loan Date acquired Barcode Date last seen Price effective from Koha item type
        2018-12-17 22660 2018-12-17 2018-12-17 წიგნი
        2018-12-17 22661 2018-12-17 2018-12-17 წიგნი
        2018-12-17 22662 2018-12-17 2018-12-17 წიგნი